[Event "ch-FRA Blitz Online Qual"]
[Site "Europe-Chess INT"]
[Date "2020.05.16"]
[Round "5"]
[White "Belattar, Salah-Eddine"]
[Black "Menjra, Yanis"]
[Result "0-1"]
[WhiteElo "1886"]
[BlackElo "1489"]
[WhiteFideId "9001468"]
[BlackFideId "45155500"]
[EventDate "2020.05.16"]

1. d4 Nf6 2. g3 g6 3. Bg2 Bg7 4. b3 d5 5. Bb2 c6 6. Nf3 O-O 7. O-O Bg4 8. Ne5
Bf5 9. Nd2 Nbd7 10. Ndf3 Nxe5 11. Nxe5 Nd7 12. c4 Nxe5 13. dxe5 dxc4 14. bxc4
Be6 15. Qc2 Qb6 16. Kh1 Bxc4 17. Qxc4 Qxb2 18. Rab1 Qd2 19. e6 Rab8 20. Rfd1 Qa5
21. exf7+ Rxf7 22. Bxc6 Kf8 23. Rxb7 Rxb7 24. Bxb7 Be5 25. f4 Bd6 26. Qc8+ Kg7
27. Bd5 Rf8 28. Qe6 Qa4 29. Bb3 Qc6+ 30. Bd5 Qc2 31. Bb3 Qc6+ 32. Qd5 Qxd5+ 33.
Rxd5 Rc8 34. Kg2 Rc1 35. Kf3 Rc5 36. e4 Rxd5 37. exd5 Kf6 38. Ke4 h6 39. h3 g5
40. f5 Bxg3 0-1

[Event "ch-FRA Blitz Online Qual"]
[Site "Europe-Chess INT"]
[Date "2020.05.16"]
[Round "5"]
[White "Bernard, Louis"]
[Black "Vernadet, Jacques"]
[Result "1-0"]
[WhiteElo "1993"]
[BlackElo "1600"]
[WhiteFideId "36075191"]
[BlackFideId "665169"]
[EventDate "2020.05.16"]

1. e4 c5 2. Nf3 Nc6 3. Bb5 d6 4. O-O Bd7 5. c3 Nf6 6. Re1 e5 7. d4 cxd4 8. cxd4
a6 9. Bxc6 bxc6 10. dxe5 Ng4 11. exd6 g6 12. h3 h5 13. hxg4 hxg4 14. Ng5 Bh6 15.
Qd2 f6 16. e5 Bxg5 17. exf6+ Kf8 18. Qxg5 Bf5 19. Qe3 Qxd6 20. Qe7+ Qxe7 21.
Rxe7 Rd8 22. Nd2 Rd6 23. b3 Rxf6 24. Ba3 Kg8 25. Bb2 Rf7 26. Rxf7 Rh5 27. Ra7
Bd3 28. Re1 Kf8 29. Bg7+ Kg8 30. Re8+ Kh7 31. Bf6+ 1-0

[Event "ch-FRA Blitz Online Qual"]
[Site "Europe-Chess INT"]
[Date "2020.05.16"]
[Round "5"]
[White "Dietrich, Antoine"]
[Black "Buttard, Axel"]
[Result "0-1"]
[WhiteElo "1499"]
[BlackElo "1883"]
[WhiteFideId "679879"]
[BlackFideId "36052523"]
[EventDate "2020.05.16"]

1. c4 Nf6 2. g3 e6 3. Bg2 d5 4. cxd5 exd5 5. Nc3 c6 6. e3 Bd6 7. Nge2 O-O 8. O-O
Bf5 9. d3 Re8 10. Re1 Nbd7 11. Nd4 Bg6 12. f3 Ne5 13. e4 dxe4 14. dxe4 Bc5 15.
Be3 Nc4 16. Bf2 Nxb2 17. Qc2 Bxd4 18. Qxb2 Bxf2+ 19. Kxf2 Qd4+ 20. Kf1 b6 21.
Rad1 Qc4+ 22. Kg1 Rad8 23. Kh1 c5 24. Ne2 Rd3 25. Nf4 Rdd8 26. Qa3 a5 27. Qe3
Nd7 28. a3 Ne5 29. h4 h6 30. Bf1 Qa4 31. Rb1 Qc6 32. Bb5 Qc7 33. Bxe8 Rxe8 34.
Nd5 Qd7 35. Rxb6 Qh3+ 36. Kg1 Qxg3+ 37. Kf1 Nxf3 38. Reb1 Rxe4 39. Rb8+ Kh7 40.
Qf2 Qxf2+ 41. Kxf2 Ne5 42. Ne7 Rf4+ 43. Ke3 Rf3+ 44. Ke2 Bxb1 45. Nd5 f6 46. Ra8
Rh3 47. Rxa5 Bd3+ 48. Kd2 c4 49. Nc3 Rh2+ 50. Ke3 Nc6 51. Rc5 Ne5 52. Kd4 Rc2
53. Nd5 Ra2 54. Nf4 Rxa3 55. Rc7 Ng6 56. Ne6 Nf4 57. Rxg7+ Kh8 58. Rg4 Nxe6+ 0-1

[Event "ch-FRA Blitz Online Qual"]
[Site "Europe-Chess INT"]
[Date "2020.05.16"]
[Round "5"]
[White "Gandreuil, Brice"]
[Black "Percheron, Andre"]
[Result "1-0"]
[WhiteElo "1500"]
[BlackElo "1846"]
[WhiteFideId "36078425"]
[BlackFideId "20607091"]
[EventDate "2020.05.16"]

1. e4 c5 2. Nc3 Nc6 3. g3 g6 4. Bg2 Bg7 5. d3 d6 6. f4 Nf6 7. Nf3 O-O 8. O-O Rb8
9. h3 b5 10. g4 b4 11. Ne2 e5 12. f5 d5 13. Ng3 c4 14. g5 Qb6+ 15. Kh1 dxe4 16.
dxe4 Ne8 17. f6 Bh8 18. h4 Ba6 19. c3 Rd8 20. Qe1 b3 21. Be3 Qb8 22. a3 Nc7 23.
h5 Ne6 24. hxg6 fxg6 25. Bh3 Bc8 26. Bxe6+ Bxe6 27. Bc5 Rf7 28. Rd1 Rfd7 29.
Rxd7 Rxd7 30. Qe2 Bf7 31. Nh4 Nd8 32. Qg4 Ne6 33. Rd1 Rxd1+ 34. Qxd1 Nxc5 35.
Ngf5 Na6 36. Nh6+ Kf8 37. Qd7 Qe8 38. Qd6+ Qe7 39. Qxe7# 1-0

[Event "ch-FRA Blitz Online Qual"]
[Site "Europe-Chess INT"]
[Date "2020.05.16"]
[Round "5"]
[White "De Monts, Louis"]
[Black "Frey, Thierry"]
[Result "1-0"]
[WhiteElo "1630"]
[BlackElo "1792"]
[WhiteFideId "36088781"]
[BlackFideId "1317709"]
[EventDate "2020.05.16"]

1. e4 c5 2. a3 d6 3. b4 Nf6 4. Nc3 g6 5. Nf3 Bg7 6. Rb1 O-O 7. Bb2 a6 8. d3 Nc6
9. bxc5 dxc5 10. Be2 Nd4 11. O-O b5 12. e5 Ng4 13. Ne4 Nxf3+ 14. Bxf3 Nxe5 15.
Nxc5 Nxf3+ 16. Qxf3 Bf5 17. Bxg7 Kxg7 18. g4 Qd6 19. Ne4 Bxe4 20. Qxe4 Rac8 21.
Rfc1 e6 22. c4 Rfd8 23. cxb5 axb5 24. Rxb5 Qxd3 25. Qxd3 1-0

[Event "ch-FRA Blitz Online Qual"]
[Site "Europe-Chess INT"]
[Date "2020.05.16"]
[Round "5"]
[White "Gerandi, Guillaume"]
[Black "El Barbry, Sarah"]
[Result "1-0"]
[WhiteElo "1876"]
[BlackElo "1779"]
[WhiteFideId "20648359"]
[BlackFideId "26051419"]
[EventDate "2020.05.16"]

1. e4 e6 2. d4 d5 3. Nc3 Bb4 4. e5 c5 5. Bd2 cxd4 6. Nb5 Bf8 7. f4 Nc6 8. Nf3
Bd7 9. Nbxd4 Nxd4 10. Nxd4 Bc5 11. Nb3 Bb6 12. Bd3 Ne7 13. Qe2 a5 14. a4 Nc6 15.
Be3 Bxe3 16. Qxe3 Nb4 17. O-O Nxd3 18. Qxd3 Qc7 19. Nd4 O-O 20. Rae1 Rac8 21. c3
Bxa4 22. f5 Bd7 23. f6 Qc4 24. Qg3 g6 25. Qh4 Kh8 26. Qh6 Rg8 27. Re3 Bb5 28.
Qxh7+ Kxh7 29. Rh3# 1-0

[Event "ch-FRA Blitz Online Qual"]
[Site "Europe-Chess INT"]
[Date "2020.05.16"]
[Round "5"]
[White "Ogier, Arnaud"]
[Black "Ludwiczak, Virginie"]
[Result "0-1"]
[WhiteElo "1569"]
[BlackElo "1875"]
[WhiteFideId "45196494"]
[BlackFideId "20655592"]
[EventDate "2020.05.16"]

1. e4 e6 2. d4 d5 3. e5 c5 4. c3 Nc6 5. Nf3 Bd7 6. dxc5 Bxc5 7. b4 Bb6 8. Bd3 h6
9. O-O a6 10. Be3 Nge7 11. Bxb6 Qxb6 12. Re1 Rc8 13. a4 O-O 14. a5 Qd8 15. Nd4
Nxd4 16. cxd4 Nc6 17. b5 axb5 18. Bxb5 Nxe5 19. Bxd7 Nxd7 20. Nd2 Nf6 21. Nf3
Ne4 22. Ne5 Qc7 23. Qb3 Qc2 24. Qxb7 Qxf2+ 25. Kh1 Rc2 26. Rg1 Qxd4 27. Nd7 Nf2# 0-1

[Event "ch-FRA Blitz Online Qual"]
[Site "Europe-Chess INT"]
[Date "2020.05.16"]
[Round "5"]
[White "Pigeat, Benoit"]
[Black "Auribault, Louis"]
[Result "0-1"]
[WhiteElo "1873"]
[BlackElo "1618"]
[WhiteFideId "20643390"]
[BlackFideId "45196591"]
[EventDate "2020.05.16"]

1. e4 e5 2. Nf3 Nc6 3. Bb5 a6 4. Ba4 Nf6 5. O-O b5 6. Bb3 Bc5 7. c3 d6 8. d4 Bb6
9. dxe5 Nxe5 10. Nxe5 dxe5 11. Qxd8+ Kxd8 12. Bxf7 Rf8 13. Bb3 Nxe4 14. Bd5 Nxf2
15. Bxa8 Nh3+ 16. Kh1 Rxf1# 0-1

[Event "ch-FRA Blitz Online Qual"]
[Site "Europe-Chess INT"]
[Date "2020.05.16"]
[Round "5"]
[White "Lesage, Margot"]
[Black "Auder, Benjamin"]
[Result "0-1"]
[WhiteElo "1598"]
[BlackElo "1934"]
[WhiteFideId "45137013"]
[BlackFideId "635065"]
[EventDate "2020.05.16"]

1. e4 Nc6 2. Nf3 d6 3. d4 Nf6 4. Nc3 Bg4 5. Be2 e6 6. O-O Be7 7. h3 Bh5 8. Re1
O-O 9. Be3 a6 10. a4 Qd7 11. Qd2 Rfd8 12. Rad1 Bg6 13. e5 dxe5 14. dxe5 Qxd2 15.
Rxd2 Rxd2 16. Bxd2 Nd7 17. Bf4 Bxc2 18. Rc1 Bg6 19. Rd1 Rd8 20. Bc4 Nc5 21.
Rxd8+ Bxd8 22. Kf1 Ne4 23. Nxe4 Bxe4 0-1

[Event "ch-FRA Blitz Online Qual"]
[Site "Europe-Chess INT"]
[Date "2020.05.16"]
[Round "5"]
[White "Bakouri, Abdelmajid"]
[Black "Brasseur, Vincent"]
[Result "1-0"]
[WhiteElo "1871"]
[BlackElo "1603"]
[WhiteFideId "7901682"]
[BlackFideId "45129550"]
[EventDate "2020.05.16"]

1. e4 e5 2. Nf3 Nc6 3. Bc4 Nf6 4. O-O Be7 5. c3 d6 6. d4 exd4 7. cxd4 O-O 8. Nc3
Bg4 9. Be3 a6 10. h3 Bh5 11. g4 Bg6 12. Bd3 Nd7 13. a3 Rb8 14. Re1 Bf6 15. Bb1
Re8 16. d5 Nce5 17. Nxe5 dxe5 18. Na4 b6 19. f3 Bg5 20. Bf2 Bf4 21. Ba2 h5 22.
Qd3 b5 23. Nc5 Nxc5 24. Bxc5 hxg4 25. fxg4 Qh4 26. Bf2 Qe7 27. b4 Red8 28. Qe2
Rbc8 29. Bc5 Qh4 30. Qg2 Qg3 31. Qxg3 Bxg3 32. Re2 Bf4 33. Kg2 Kh8 34. Kf3 f6
35. Rc2 Bf7 36. Be3 Bxe3 37. Kxe3 g5 38. Rc6 Rd6 39. Rac1 Rxc6 40. Rxc6 Kg7 41.
Bb1 Rh8 42. Rxc7 Rxh3+ 43. Kd2 Rxa3 44. d6 1-0

[Event "ch-FRA Blitz Online Qual"]
[Site "Europe-Chess INT"]
[Date "2020.05.16"]
[Round "5"]
[White "Moindjie, Nassuf"]
[Black "Dimey, Cyrille"]
[Result "1-0"]
[WhiteElo "1471"]
[BlackElo "1871"]
[WhiteFideId "551098237"]
[BlackFideId "20658273"]
[EventDate "2020.05.16"]

1. e4 e6 2. d3 d5 3. Nd2 Nf6 4. g3 Bc5 5. Bg2 dxe4 6. dxe4 e5 7. h3 O-O 8. Ngf3
Nbd7 9. O-O b6 10. Nc4 Re8 11. Re1 Bb7 12. c3 b5 13. Na5 Qc8 14. Nxb7 Qxb7 15.
Qc2 Rad8 16. Be3 Qxe4 17. Qb3 Qd5 18. Qxb5 Bxe3 19. Qxd5 Nxd5 20. fxe3 Nc5 21.
e4 Nf6 22. Nh2 Nd3 23. Re2 Nc5 24. Ng4 Nxg4 25. hxg4 Rd3 26. Kh2 Red8 27. Rae1
f6 28. Kh3 Na4 29. b3 Nxc3 30. Rc2 R8d7 31. Rec1 Nb5 32. Bf1 Rd2 33. Bxb5 Rxc2
34. Rxc2 Re7 35. Bc6 h6 36. Bd5+ Kh7 37. Rc6 Rd7 38. Re6 c6 39. Rxc6 a5 40. Ra6
g6 41. Rxa5 f5 42. gxf5 1-0

[Event "ch-FRA Blitz Online Qual"]
[Site "Europe-Chess INT"]
[Date "2020.05.16"]
[Round "5"]
[White "Afraoui, Solenn"]
[Black "Daude, Alexandre"]
[Result "1-0"]
[WhiteElo "1889"]
[BlackElo "1518"]
[WhiteFideId "625167"]
[BlackFideId "45102660"]
[EventDate "2020.05.16"]

1. e4 e6 2. d4 d5 3. Nc3 Bb4 4. e5 c5 5. Bd2 cxd4 6. Nb5 Bxd2+ 7. Qxd2 Nc6 8. f4
Nge7 9. Nd6+ Kf8 10. Nf3 Qb6 11. O-O-O a5 12. Nxd4 a4 13. a3 Ra5 14. Be2 Rc5 15.
Kb1 Nxd4 16. Qxd4 Bd7 17. Rhf1 Qc7 18. Rc1 Rc6 19. Bb5 Rb6 20. Bxd7 Qxd7 21.
Qxb6 1-0

[Event "ch-FRA Blitz Online Qual"]
[Site "Europe-Chess INT"]
[Date "2020.05.16"]
[Round "5"]
[White "Louvrier Saint-Mary, Jean-Roger"]
[Black "Hetier, Thomas"]
[Result "1-0"]
[WhiteElo "1780"]
[BlackElo "1598"]
[WhiteFideId "618349"]
[BlackFideId "45146586"]
[EventDate "2020.05.16"]

1. b3 Nf6 2. Bb2 g6 3. Bxf6 exf6 4. c4 Bg7 5. Nc3 f5 6. Rc1 O-O 7. d4 d6 8. g3
c5 9. d5 Qa5 10. Qd2 b5 11. Nxb5 Qxd2+ 12. Kxd2 Na6 13. Nxd6 Nb4 14. a3 Na6 15.
Nxc8 Raxc8 16. Bg2 Nc7 17. h4 a5 18. Nf3 Bb2 19. Rc2 Bxa3 20. Ne5 Bb4+ 21. Kd1
a4 22. bxa4 Ra8 23. d6 Ne6 24. Bxa8 Rxa8 25. Ra2 Bc3 26. Nc6 Ra6 27. Ne7+ Kf8
28. Kc2 Rxd6 29. Nxg6+ fxg6 30. Kxc3 Nd4 31. a5 Nc6 32. Rha1 Re6 33. a6 Na7 34.
Rb1 Ke8 35. Rb8+ Kd7 36. Rb7+ Kc6 37. Rxa7 h6 38. Rh7 g5 39. a7 Re8 40. Rxh6+
Kd7 41. a8=Q Rxa8 42. Rxa8 gxh4 43. Rxh4 f4 44. Rh6 f3 45. Ra7+ Kc8 46. Rh8# 1-0

[Event "ch-FRA Blitz Online Qual"]
[Site "Europe-Chess INT"]
[Date "2020.05.16"]
[Round "5"]
[White "Grulier, Ernest"]
[Black "Martinez, Felicien"]
[Result "0-1"]
[WhiteElo "1469"]
[BlackElo "1867"]
[WhiteFideId "551048060"]
[BlackFideId "45141207"]
[EventDate "2020.05.16"]

1. f4 f5 2. Nf3 Nf6 3. d4 e6 4. c4 b6 5. Nc3 Bb7 6. b3 a5 7. Bb2 Bb4 8. e3 Ne4
9. Qc2 a4 10. Bd3 a3 11. Bxe4 axb2 12. Qxb2 Bxe4 13. O-O Bxc3 14. Qxc3 O-O 15.
Ng5 Nc6 0-1

[Event "ch-FRA Blitz Online Qual"]
[Site "Europe-Chess INT"]
[Date "2020.05.16"]
[Round "5"]
[White "Martinez Martinez, Mateo"]
[Black "Delabre, Gaspard"]
[Result "1-0"]
[WhiteElo "1917"]
[BlackElo "1449"]
[WhiteFideId "36055140"]
[BlackFideId "36076627"]
[EventDate "2020.05.16"]

1. d4 d6 2. c4 e5 3. Nc3 exd4 4. Qxd4 Nc6 5. Qd1 Nf6 6. Nf3 Be6 7. b3 Be7 8. Bb2
a5 9. e3 O-O 10. Be2 Bf5 11. O-O Qd7 12. Nd5 Nxd5 13. cxd5 Nb4 14. a3 Na6 15.
Nd4 Bg6 16. Rc1 Nc5 17. f3 a4 18. b4 Na6 19. e4 Bf6 20. Qd2 c5 21. dxc6 bxc6 22.
Nxc6 Bxb2 23. Qxb2 Rac8 24. Bxa6 Rxc6 25. Bb5 Qa7+ 26. Qf2 Qxf2+ 27. Kxf2 Rcc8
28. Ke3 d5 29. exd5 Rcd8 30. Rfd1 f6 31. Bxa4 Be8 32. Bxe8 Rfxe8+ 33. Kd4 Re2
34. Kc5 Rxg2 35. d6 Rxh2 36. d7 Kf7 37. Kd6 f5 38. Kc7 1-0

[Event "ch-FRA Blitz Online Qual"]
[Site "Europe-Chess INT"]
[Date "2020.05.16"]
[Round "5"]
[White "Leccia, Antoine"]
[Black "Spano, Remy"]
[Result "1-0"]
[WhiteElo "1950"]
[BlackElo "1662"]
[WhiteFideId "36087262"]
[BlackFideId "26092948"]
[EventDate "2020.05.16"]

1. d4 Nf6 2. Nf3 c5 3. d5 d6 4. Nc3 g6 5. e4 Bg7 6. Bd3 O-O 7. O-O Na6 8. Re1
Nc7 9. h3 a6 10. a4 b6 11. Nd2 Bd7 12. Nc4 b5 13. axb5 axb5 14. Rxa8 Qxa8 15.
Nb6 Qb7 16. Nxd7 Nxd7 17. Bf4 Ra8 18. Qg4 Ne5 19. Bxe5 Bxe5 20. f4 Bd4+ 21. Kh2
b4 22. Nd1 Ra1 23. Qe2 Ra2 24. Bc4 Ra8 25. e5 Nxd5 26. exd6 exd6 27. Qe4 Ra1 28.
Bxd5 Qd7 29. c3 bxc3 30. bxc3 Bg7 31. Qe8+ Qxe8 32. Rxe8+ Bf8 33. Ne3 Re1 34.
Bc6 Rc1 35. c4 Rc3 36. Bb5 Kg7 37. Nd5 Rc1 38. Kg3 Rd1 39. Re3 Kg8 40. Re8 Kg7
41. Kf3 Rd3+ 42. Re3 Rd1 43. g4 Kg8 44. f5 Bh6 45. Re8+ Bf8 46. f6 Rf1+ 47. Kg2
Rd1 48. Ne7+ Kh8 49. Rxf8# 1-0

[Event "ch-FRA Blitz Online Qual"]
[Site "Europe-Chess INT"]
[Date "2020.05.16"]
[Round "5"]
[White "Rahnama, Matin"]
[Black "Desarmaux-Do, Yanis-Huy"]
[Result "1/2-1/2"]
[WhiteElo "1754"]
[BlackElo "1803"]
[WhiteFideId "45146039"]
[BlackFideId "45118299"]
[EventDate "2020.05.16"]

1. e4 c5 2. b4 cxb4 3. a3 d5 4. e5 Nc6 5. Nf3 Bg4 6. Bb5 a6 7. Bxc6+ bxc6 8.
axb4 e6 9. c3 Ne7 10. h3 Bxf3 11. Qxf3 Ng6 12. d4 Be7 13. O-O O-O 14. Qd3 a5 15.
bxa5 Rxa5 16. Rxa5 Qxa5 17. Nd2 c5 18. Nb3 Qc7 19. c4 cxd4 20. cxd5 exd5 21.
Qxd4 Qxe5 22. Qa7 Bg5 23. Ba3 Re8 24. Nc5 h6 25. Nd7 Qc3 26. Bc5 Re1 27. Rxe1
Qxe1+ 28. Kh2 Nh4 29. Qb8+ Kh7 30. Nf8+ Kg8 31. Ng6+ Kh7 32. Nf8+ Kg8 33. Ng6+
Kh7 34. Nf8+ 1/2-1/2

[Event "ch-FRA Blitz Online Qual"]
[Site "Europe-Chess INT"]
[Date "2020.05.16"]
[Round "5"]
[White "Morais, Thomas"]
[Black "Vallee, Louis"]
[Result "0-1"]
[WhiteElo "1710"]
[BlackElo "1864"]
[WhiteFideId "36034703"]
[BlackFideId "45103291"]
[EventDate "2020.05.16"]

1. e4 e5 2. Nf3 Nc6 3. d4 exd4 4. Bc4 Nf6 5. e5 d5 6. Bb5 Ne4 7. Nxd4 Bd7 8.
Bxc6 bxc6 9. O-O Bc5 10. Nb3 Bb6 11. a4 a5 12. N1d2 Nxd2 13. Bxd2 O-O 14. Kh1 c5
15. Qe2 c4 16. Nc1 Bf5 17. c3 f6 18. exf6 Qxf6 19. Be3 Rae8 20. Qd2 Bxe3 21.
fxe3 Qe5 22. Re1 Be4 23. b3 Rf6 24. bxc4 dxc4 25. Ra2 Rh6 26. h3 Rxh3+ 27. Kg1
Qh2+ 28. Kf2 Qxg2# 0-1

[Event "ch-FRA Blitz Online Qual"]
[Site "Europe-Chess INT"]
[Date "2020.05.16"]
[Round "5"]
[White "Dijoux, Julien"]
[Black "Sudholt, Mario"]
[Result "1-0"]
[WhiteElo "1862"]
[BlackElo "1483"]
[WhiteFideId "666483"]
[BlackFideId "551039877"]
[EventDate "2020.05.16"]

1. d4 f5 2. e4 fxe4 3. Nc3 Nf6 4. Bg5 e6 5. Bxf6 Qxf6 6. Nxe4 Qd8 7. Bd3 Be7 8.
Nf3 O-O 9. h3 b6 10. Qe2 Bb7 11. O-O-O Nc6 12. c3 a6 13. Bc2 b5 14. Qd3 g6 15.
h4 b4 16. h5 Qe8 17. Rh3 bxc3 18. bxc3 Qf7 19. hxg6 hxg6 20. Rdh1 Qf4+ 21. Ned2
Kf7 22. Qxg6# 1-0

[Event "ch-FRA Blitz Online Qual"]
[Site "Europe-Chess INT"]
[Date "2020.05.16"]
[Round "5"]
[White "Ernst, Luca"]
[Black "Rousseau, Matthieu"]
[Result "1/2-1/2"]
[WhiteElo "1660"]
[BlackElo "1862"]
[WhiteFideId "45117055"]
[BlackFideId "26049724"]
[EventDate "2020.05.16"]

1. e4 e6 2. d4 d5 3. exd5 exd5 4. Bd3 Nf6 5. h3 Bd6 6. Qf3 O-O 7. Ne2 c6 8. O-O
Re8 9. Bf4 Ne4 10. Nd2 Bxf4 11. Qxf4 Nxd2 12. Qxd2 Be6 13. Rfe1 Nd7 14. Nf4 Nf6
15. Ne2 Qb6 16. c3 Kf8 17. Nf4 Bd7 18. Kf1 Qc7 19. Rxe8+ Rxe8 20. Re1 Ne4 21.
Qc1 Qd6 22. Bxe4 dxe4 23. Qe3 f5 24. a3 Be6 25. Nxe6+ Qxe6 26. f3 Qc4+ 27. Qe2
Qxe2+ 28. Rxe2 exf3 29. Rxe8+ Kxe8 30. gxf3 Ke7 31. Ke2 Ke6 32. Ke3 h5 33. h4 g6
34. f4 Kd5 35. Kd3 b5 36. b3 a5 37. c4+ bxc4+ 38. bxc4+ Kd6 39. Kc3 c5 40. d5 a4
41. Kd3 Kd7 42. Ke3 Kd6 43. Ke2 Kd7 44. Kd3 Kd6 45. Kc3 Kd7 46. Kb2 Kd6 47. Kc1
Kd7 48. Kc2 Kd6 1/2-1/2

[Event "ch-FRA Blitz Online Qual"]
[Site "Europe-Chess INT"]
[Date "2020.05.16"]
[Round "5"]
[White "Azymah, Remy"]
[Black "Bag, Ayoub"]
[Result "1-0"]
[WhiteElo "1934"]
[BlackElo "1467"]
[WhiteFideId "26014300"]
[BlackFideId "551012308"]
[EventDate "2020.05.16"]

1. e4 e6 2. d4 d5 3. Nc3 dxe4 4. Nxe4 Nd7 5. Bd3 Ngf6 6. Nf3 Be7 7. c3 O-O 8.
Be3 b6 9. O-O Bb7 10. Nxf6+ Nxf6 11. Qe2 Qc8 12. Ne5 c5 13. Rac1 cxd4 14. cxd4
Qd8 15. Rfd1 Qd5 16. f3 Qxa2 17. Rc7 Bd5 18. Rxe7 Rfc8 19. Rxf7 Qa4 20. Qf2
Qxd1+ 21. Bf1 Qa4 22. Qg3 Ne8 23. Bh6 g6 24. Rf8# 1-0

[Event "ch-FRA Blitz Online Qual"]
[Site "Europe-Chess INT"]
[Date "2020.05.16"]
[Round "5"]
[White "Ragneau, Freddy"]
[Black "Roussel, Matthieu"]
[Result "0-1"]
[WhiteElo "1859"]
[BlackElo "1577"]
[WhiteFideId "36001228"]
[BlackFideId "36070009"]
[EventDate "2020.05.16"]

1. e4 e5 2. Nf3 Nc6 3. Bc4 Nf6 4. Ng5 d5 5. exd5 Na5 6. Bb5+ c6 7. dxc6 bxc6 8.
Be2 h6 9. Nf3 e4 10. Ne5 Bc5 11. d4 Qxd4 12. Qxd4 Bxd4 13. Nc4 Nxc4 14. Bxc4 Ng4
15. O-O e3 16. Re1 O-O 17. fxe3 Bb6 18. h3 Ne5 19. Na3 Bc5 20. Be2 Bf5 21. Bd2
Bxa3 22. bxa3 Bxc2 23. Bb4 Rfe8 24. Rac1 Bd3 25. Kf1 Rad8 26. Rcd1 Bxe2+ 27.
Kxe2 Rxd1 28. Rxd1 Nc4 29. Rd3 f5 30. Bc5 Ne5 31. Rd6 a6 32. Rd1 Kf7 33. Rb1 Nc4
34. Rb7+ Kg8 35. Ra7 a5 36. Ra6 Re6 37. a4 Kh7 38. a3 Re4 39. Kd3 Nb2+ 40. Kc2
Nxa4 41. Bd4 c5 42. Bb2 Rxe3 43. Rxa5 Re2+ 44. Kb3 Nxb2 45. Rxc5 Nd1 46. Rc7
Rxg2 47. a4 Ne3 48. a5 Nd5 49. Rd7 Nf6 50. Re7 Rg3+ 51. Ka4 Rg1 52. Kb5 Ra1 53.
a6 Nd5 54. Rb7 Nc3+ 55. Kb6 Na4+ 56. Ka7 Nc5 57. Rb6 Nxa6 58. Kb7 Nc5+ 59. Kc6
Ne4 60. Kd5 Rf1 61. Ke5 Ng3 62. Rb3 Nh5 63. Kd4 Kg6 64. Re3 Kg5 65. Re8 g6 66.
Ke3 Rg1 67. Kf2 Ra1 68. Rf8 Ra2+ 69. Kf3 Ra3+ 70. Kg2 Nf4+ 71. Kf1 Nxh3 72. Rh8
h5 73. Kg2 Nf4+ 74. Kf1 Rh3 75. Kf2 Kg4 76. Rg8 g5 77. Kg1 Ra3 78. Kf2 h4 79.
Rb8 h3 80. Rb2 Nd3+ 81. Kg1 Nxb2 0-1

[Event "ch-FRA Blitz Online Qual"]
[Site "Europe-Chess INT"]
[Date "2020.05.16"]
[Round "5"]
[White "Bellahcene, Meriem"]
[Black "Daunay, Gabriel"]
[Result "1-0"]
[WhiteElo "1936"]
[BlackElo "1701"]
[WhiteFideId "20655347"]
[BlackFideId "45103321"]
[EventDate "2020.05.16"]

1. e4 c6 2. d4 d5 3. exd5 cxd5 4. Bd3 Nf6 5. Bf4 Bg4 6. Nf3 Nc6 7. c3 e6 8. Nbd2
Bd6 9. Bxd6 Qxd6 10. Qb3 Qc7 11. h3 Bh5 12. O-O O-O 13. Rae1 a6 14. Ne5 Nd7 15.
f4 b5 16. a3 Rab8 17. Ndf3 Ndxe5 18. Nxe5 Nxe5 19. fxe5 Rfc8 20. Qc2 Bg6 21.
Bxg6 hxg6 22. Qf2 a5 23. Re3 b4 24. axb4 axb4 25. Rf3 Rf8 26. Kh1 bxc3 27. Rxc3
Qb6 28. b3 Rb7 29. Rb1 Qb4 30. Qe3 Rfb8 31. Kh2 Qa5 32. Qd2 Qa3 33. Qd3 Qa2 34.
Qc2 Qxc2 35. Rxc2 Rxb3 36. Rbc1 Kh7 37. Rd2 R3b4 38. Rf1 1-0

[Event "ch-FRA Blitz Online Qual"]
[Site "Europe-Chess INT"]
[Date "2020.05.16"]
[Round "5"]
[White "Nezosi, Constantin"]
[Black "Condat, Hugo"]
[Result "0-1"]
[WhiteElo "1458"]
[BlackElo "1961"]
[WhiteFideId "36066974"]
[BlackFideId "26027402"]
[EventDate "2020.05.16"]

1. e4 e6 2. Nf3 d5 3. Nc3 Nf6 4. e5 Nfd7 5. d4 c5 6. dxc5 Nc6 7. Be3 Ndxe5 8.
Nxe5 Nxe5 9. Bd4 Nc6 10. Bb5 Bd7 11. Bxc6 Bxc6 12. O-O Qg5 13. Qf3 Be7 14. Qg3
O-O 15. Qxg5 Bxg5 16. f4 Bf6 17. Bxf6 gxf6 18. Rae1 Rfe8 19. f5 e5 20. Rf3 Kf8
21. Rh3 Ke7 22. Rxh7 Rg8 23. g3 Rg5 24. Rf1 d4 25. Ne2 Be4 26. c3 Bxf5 27. cxd4
Bxh7 28. d5 Bd3 29. d6+ Ke6 30. Re1 Bxe2 31. Rxe2 f5 32. a4 a5 33. Kg2 Rc8 34.
Rc2 e4 35. Kf2 f4 36. gxf4 Rgxc5 37. Re2 Rc2 0-1

[Event "ch-FRA Blitz Online Qual"]
[Site "Europe-Chess INT"]
[Date "2020.05.16"]
[Round "5"]
[White "Hilton, Marc"]
[Black "Triton, Maxime"]
[Result "1-0"]
[WhiteElo "1546"]
[BlackElo "1843"]
[WhiteFideId "36086983"]
[BlackFideId "36062979"]
[EventDate "2020.05.16"]

1. d4 Nf6 2. c4 g6 3. Nc3 Bg7 4. e4 O-O 5. Nf3 d6 6. Be2 e5 7. O-O Nc6 8. d5 Ne7
9. Ne1 Nd7 10. f3 f5 11. g4 a5 12. Nd3 b6 13. a3 Ba6 14. b3 c5 15. Nb2 Nf6 16.
Nba4 f4 17. Rb1 h5 18. g5 Nh7 19. h4 Nc8 20. b4 axb4 21. axb4 Nxg5 22. hxg5
Qxg5+ 23. Kf2 Qh4+ 24. Kg1 Ne7 25. Rf2 g5 26. Rh2 Qg3+ 27. Rg2 Qh4 28. Nxb6 Ng6
29. Bd2 Bc8 30. Be1 Qh3 31. Rh2 Qxh2+ 32. Kxh2 Rb8 33. Nxc8 Rbxc8 34. b5 Bf6 35.
Bf2 Kf7 36. b6 g4 37. fxg4 hxg4 38. Bxg4 Rh8+ 39. Kg2 Rhd8 40. Bxc8 1-0